000 03973cam a2200505 4500500
005 20260111072959.0
041 _afre
042 _adc
100 1 0 _aBottemanne, Hugo
_eauthor
700 1 0 _aBerkovitch, Lucie
_eauthor
700 1 0 _aGasnier, Matthieu
_eauthor
700 1 0 _aMallet, Luc
_eauthor
245 0 0 _aLa médecine psychédélique : renouveau des traitements d’action rapide contre la dépression ?
260 _c2024.
500 _a77
520 _aAvec plus de 300 millions de personnes en souffrant et 20 % de la population touchée sur la vie entière, la dépression est le trouble psychiatrique le plus fréquent à travers le monde. Parmi les pistes thérapeutiques, un intérêt croissant se porte aujourd’hui sur les molécules psychédéliques, participant à l’espoir d’un renouveau de la psychopharmacologie contre la dépression résistante aux traitements. Dans cet article, nous proposons une revue narrative de l’utilisation des traitements psychédéliques dans la dépression. Nous présenterons successivement les différentes molécules psychédéliques et apparentées (kétamine, psilocybine, DMT, LSD, MDMA, mescaline) en indiquant pour chacune les niveaux de preuve de leur utilisation contre la dépression, les modalités techniques de leur administration, les pistes concernant leurs mécanismes d’action, et les perspectives de recherche.
520 _aDepression is now the most common psychiatric disorder worldwide, with more than 300 million people worldwide and 20 percent of the population affected at some point over their lifetime. There is growing interest in the use of psychedelic molecules as a treatment strategy, offering hope of a revival of psychopharmacology as a way to address treatment-resistant depression. In this article, we present a descriptive overview of the use of psychedelic treatments for depression. We examine various psychedelics and related molecules (ketamine, psilocybin, DMT, LSD, MDMA, mescaline), indicating for each the level of evidence for their use to treat depression, technical procedures for their administration, plausible mechanisms of action, and research prospects.
520 _aCon más de 300 millones de personas que la padecen y un 20% de la población afectada a lo largo de su vida, la depresión es el trastorno psiquiátrico más frecuente en todo el mundo. Entre las pistas terapeúticas, un creciente interés se vuelca hoy en las moléculas psicodélicas, lo que permite esperar un renacimiento de la psicofarmacología contra la depresión resistente a los tratamientos. En este artículo, proponemos un repaso narrativo del uso de tratamientos psicodélicos para la depresión. Presentamos sucesivamente las diferentes moléculas psicodélicas y relacionadas (ketamina, psilocibina, DMT, LSD, MDMA, mescalina), indicando para cada una de ellas el nivel de evidencia de su uso en la depresión, las métodos técnicos utilizados para su administración, las pistas sobre sus mecanismos de acción y las perspectivas de investigación.
690 _adépression
690 _adépression résistante
690 _adiméthyltryptamine
690 _aeskétamine
690 _aibogaïne
690 _akétamine
690 _aLSD
690 _aMDMA
690 _amescaline
690 _apsilocybine
690 _apsychopharmacologie
690 _apsychothérapie
690 _adepression
690 _adimethyltryptamine
690 _aesketamine
690 _aibogaine
690 _aketamine
690 _aLSD
690 _aMDMA
690 _amescaline
690 _apsilocybin
690 _apsychopharmacology
690 _apsychotherapy
690 _atreatment-resistant depression
786 0 _nL'information psychiatrique | Volume 99 | 10 | 2024-01-04 | p. 685-692 | 0020-0204
856 4 1 _uhttps://stm.cairn.info/revue-l-information-psychiatrique-2023-10-page-685?lang=fr&redirect-ssocas=7080
999 _c1615201
_d1615201